[Event "1/64 Finale"]
[Site "www.chess-mail.com"]
[Date "2018.08.03"]
[Round "1"]
[White "Guidom"]
[Black "Senitram"]
[WhiteElo "2170"]
[BlackElo "2520"]
[Result "0-1"]
[Round "1"]
1.e4 c5
2.Ng1f3 g6
3.c4 Nb8c6
4.Nb1c3 Bf8g7
5.d3 d6
6.Bf1e2 Bc8g4
7.O-O Bg4xf3
8.Be2xf3 e6
9.Bc1d2 Ng8e7
10.h3 O-O
11.a3 Nc6d4
12.Ra1b1 Qd8c7
13.Bd2e3 a6
14.Be3xd4 Bg7xd4
15.Qd1d2 Ra8b8
16.b4 Ne7c6
17.b5 Qc7a5
18.bxc6 Bd4xc3
19.Qd2c2 bxc6
20.Rb1xb8 Rf8xb8
21.Rf1c1 Bc3e5
22.a4 Rb8b2
23.Qc2d1 Rb2d2
24.Qd1b3 Be5d4
25.Rc1f1 Rd2xf2
26.Rf1xf2 Qa5e1
27.Kh2 Bd4e5
28.g3 Qe1xf2
29.Bf3g2 Be5xg3
30.Kh1 Qf2e1
{ resign }
0-1

[Event "1/128 Finale"]
[Site "www.chess-mail.com"]
[Date "2018.08.03"]
[Round "1"]
[White "Numanoid"]
[Black "Awfen"]
[WhiteElo "2510"]
[BlackElo "2090"]
[Result "1-0"]
[Round "1"]
1.e4 Nb8c6
2.Nb1c3 e5
3.Bf1c4 Ng8f6
4.d3 Bf8e7
5.f4 O-O
6.Ng1f3 d6
7.O-O Bc8g4
8.h3 Bg4d7
9.a3 Nf6h5
10.f5 Nh5f6
11.g4 Nc6a5
12.Bc4a2 b6
13.g5 Nf6h5
14.Nf3xe5 dxe5
15.Qd1xh5 g6
16.fxg6 hxg6
17.Qh5xg6 Kh8
18.Qg6h6 Kg8
19.g6 { resign }
1-0

[Event "1/128 Finale"]
[Site "www.chess-mail.com"]
[Date "2018.08.03"]
[Round "1"]
[White "J1j6"]
[Black "Bojan"]
[WhiteElo "1910"]
[BlackElo "2000"]
[Result "0-1"]
[Round "1"]
1.Nb1c3 e5
2.b3 d5
3.e3 Ng8f6
4.Bc1b2 Bf8d6
5.Ng1f3 Qd8e7
6.d3 c6
7.Bf1e2 Bc8e6
8.a4 Nb8d7
9.h3 Bd6b4
10.O-O h6
11.Nc3a2 Bb4d6
12.c4 dxc4
13.dxc4 Nf6e4
14.Qd1b1 Ne4g5
15.Nf3xg5 Qe7xg5
16.Kh2 Nd7f6
17.Qb1d3 Ke7
18.Ra1d1 Ra8d8
19.Bb2c1 e4
20.f4 exd3
21.Rd1xd3 Nf6e4
22.Rd3xd6 Qg5g3
23.Kg1 Rd8xd6
{ resign }
0-1

[Event "1/128 Finale"]
[Site "www.chess-mail.com"]
[Date "2018.08.03"]
[Round "1"]
[White "Deneb"]
[Black "0vespertine0"]
[WhiteElo "1600"]
[BlackElo "1729"]
[Result "1-0"]
[Round "1"]
1.e4 g6
2.d4 Bf8g7
3.Nb1c3 e6
4.h4 Ng8e7
5.Ng1f3 f5
6.h5 fxe4
7.Nc3xe4 d5
8.h6 { resign }
1-0

[Event "Fast Game"]
[Site "www.echecsemail.com"]
[Date "2018.08.03"]
[Round "1"]
[White "Alessiov"]
[Black "Deneb"]
[WhiteElo "1599"]
[BlackElo "1599"]
[Result "1/2-1/2"]
[Round "1"]
1.e4 e5
2.Ng1f3 Nb8c6
3.Bf1b5 a6
4.Bb5a4 Bf8e7
5.O-O Ng8f6
6.Rf1e1 b5
7.Ba4b3 O-O
8.c3 d5
9.exd5 Nf6xd5
10.Nf3xe5 Nc6xe5
11.Re1xe5 c6
12.d4 Be7d6
13.Re5e1 Qd8h4
14.g3 Qh4h3
15.Bc1e3 Bc8g4
16.Qd1d3 Ra8e8
17.Nb1d2 Re8e6
18.a4 Qh3h5
19.axb5 axb5
20.Nd2f1 { draw }
1/2-1/2

[Event "Fast Game"]
[Site "www.echecsemail.com"]
[Date "2018.08.03"]
[Round "1"]
[White "Hennie4820"]
[Black "0m1d9421"]
[WhiteElo "1740"]
[BlackElo "1599"]
[Result "1-0"]
[Round "1"]
1.e4 e5
2.Ng1f3 Nb8c6
3.Bf1c4 Ng8f6
4.d4 d6
5.dxe5 Nf6xe4
6.Qd1d5 Ne4c5
7.Qd5xf7 
1-0

[Event "Tourn. n9850"]
[Site "www.echecsemail.com"]
[Date "2018.08.04"]
[Round "1"]
[White "Danquigley"]
[Black "Aperturaf"]
[WhiteElo "2610"]
[BlackElo "2750"]
[Result "1/2-1/2"]
[Round "1"]
1.c4 e6
2.g3 d5
3.Bf1g2 Ng8f6
4.Ng1f3 Bf8e7
5.O-O O-O
6.Qd1c2 c6
7.b3 b6
8.Bc1b2 Bc8b7
9.Rf1d1 Nb8d7
10.d4 c5
11.cxd5 Nf6xd5
12.Qc2d2 Qd8c7
13.Nb1a3 Nd5f6
14.Ra1c1 Ra8d8
15.Na3c4 Bb7d5
16.Nc4e3 Bd5e4
17.Nf3e1 Be4xg2
18.Ne1xg2 Qc7b7
19.dxc5 Nd7xc5
20.Qd2c2 Rd8c8
21.Qc2b1 b5
22.Ng2f4 a5
23.f3 Nc5d7
24.Kg2 Be7c5
25.Ne3f1 h6
26.Qb1d3 Rc8c7
27.Qd3d2 Rf8c8
28.e4 a4
29.h4 axb3
30.axb3 Bc5e7
31.Rc1xc7 Rc8xc7
32.Nf1e3 Nd7b8
33.Rd1c1 Rc7xc1
34.Bb2xc1 Be7f8
35.Bc1b2 Nf6d7
36.Ne3g4 b4
37.Bb2a1 Qb7a6
38.Qd2d1 { draw }
1/2-1/2

[Event "Match"]
[Site "www.echecsemail.com"]
[Date "2018.08.04"]
[Round "1"]
[White "J1j6"]
[Black "Bojan"]
[WhiteElo "1860"]
[BlackElo "2010"]
[Result "0-1"]
[Round "1"]
1.e4 e5
2.Ng1f3 d6
3.Bf1c4 h6
4.O-O Qd8f6
5.d4 Bc8g4
6.Bc4e2 Nb8d7
7.dxe5 Nd7xe5
8.Nf3xe5 Bg4xe2
9.Qd1xe2 Qf6xe5
10.f4 Qe5d4
11.Kh1 h5
12.Nb1c3 c6
13.a3 Qd4b6
14.b4 a6
15.e5 d5
16.Nc3a4 Qb6b5
17.Qe2xb5 axb5
18.Na4c3 Kd7
19.f5 h4
20.Bc1f4 Rh8h5
21.g4 Rh5h7
22.Ra1e1 Ra8xa3
23.e6 Ke8
24.Bf4d2 f6
25.Nc3b1 Ra3a2
26.c3 Ng8e7
27.g5 Rh7h5
28.gxf6 gxf6
29.Bd2e3 Ne7xf5
30.Be3g1 Nf5g3
31.hxg3 hxg3
{ resign }
0-1

[Event "Match"]
[Site "www.echecsemail.com"]
[Date "2018.08.04"]
[Round "1"]
[White "Sonny1000"]
[Black "Dussek"]
[WhiteElo "1530"]
[BlackElo "1760"]
[Result "0-1"]
[Round "1"]
1.e4 e6
2.e5 d5
3.d4 c5
4.Ng1e2 Nb8c6
5.c3 Qd8b6
6.Qd1d3 Ng8e7
7.dxc5 Qb6xc5
8.Ne2d4 Nc6xe5
9.Qd3b5 Qc5xb5
10.Bf1xb5 Ne5d7
11.Bb5xd7 Bc8xd7
12.O-O g6
13.h4 Bf8g7
14.Nd4f3 Bd7b5
15.b3 Bb5xf1
16.Kxf1 O-O
17.Bc1a3 Rf8e8
18.Nf3d4 Ra8c8
19.Ba3xe7 Re8xe7
20.a4 e5
21.Nd4b5 a6
22.Nb5d6 Rc8d8
23.Nd6xb7 Re7xb7
24.Nb1d2 e4
25.Ke2 Bg7xc3
26.Ra1d1 Rd8e8
27.Rd1c1 d4
28.g4 Bc3xd2
29.Rc1c6 Bd2b4
30.Rc6c4 Bb4c3
31.Kf1 Rb7xb3
32.Ke2 d3
{ resign }
0-1

[Event "Match"]
[Site "www.echecsemail.com"]
[Date "2018.08.04"]
[Round "1"]
[White "Jesmantiz"]
[Black "Fegatux"]
[WhiteElo "2240"]
[BlackElo "2340"]
[Result "1-0"]
[Round "1"]
1.d4 d5
2.e3 Ng8f6
3.Bf1d3 Nb8c6
4.f4 g6
5.a3 Bf8g7
6.Ng1f3 O-O
7.Nb1d2 e6
8.O-O Qd8e7
9.c3 a6
10.b4 Bc8d7
11.a4 b6
12.Qd1e2 a5
13.b5 Nc6a7
14.Bc1a3 Qe7d8
15.Ba3xf8 Qd8xf8
16.Nf3e5 c5
17.g4 Qf8e7
18.g5 Nf6h5
19.Ra1a2 c4
20.Bd3b1 Na7c8
21.Qe2g2 Ra8b8
22.Nd2f3 Bd7e8
23.Ne5g4 Nc8d6
24.Nf3e5 Nd6f5
25.e4 dxe4
26.Bb1xe4 Qe7c7
27.Be4f3 Nf5h4
28.Qg2d2 Nh4xf3
29.Rf1xf3 Qc7b7
30.Qd2e2 Rb8c8
31.Ng4e3 Bg7xe5
32.fxe5 Qb7e4
33.Qe2f1 Qe4h4
34.Ra2g2 Qh4e4
35.Ne3g4 Rc8c7
36.h3 Qe4b7
37.Rg2f2 Nh5g7
38.Ng4e3 Ng7f5
39.Ne3xc4 Kg7
40.Qf1d3 Be8d7
41.Nc4d6 Qb7b8
42.h4 Bd7e8
43.h5 Rc7d7
44.h6 Kh8
45.Qd3e4 Nf5xd6
46.exd6 Qb8xd6
47.Rf3f4 Kg8
48.c4 Qd6c7
49.d5 Rd7e7
50.Qe4d4 e5
51.Qd4c3 Be8d7
52.Rf4f6 Qc7d8
53.Qc3e3  { time }
1-0

[Event "Match"]
[Site "www.echecsemail.com"]
[Date "2018.08.04"]
[Round "1"]
[White "J1j6"]
[Black "Pinehill"]
[WhiteElo "1809"]
[BlackElo "2070"]
[Result "0-1"]
[Round "1"]
1.f4 d5
2.d3 Nb8c6
3.Ng1f3 Bc8f5
4.b3 e6
5.Bc1b2 Ng8f6
6.e3 Bf8d6
7.Bf1e2 O-O
8.Nb1d2 Nc6e7
9.Bb2xf6 gxf6
10.Nf3h4 Bf5g6
11.g4 c5
12.Nd2f3 b5
13.a4 a6
14.axb5 axb5
15.Ra1xa8 Qd8xa8
16.Rh1g1 Qa8a5
17.Kf1 Kh8
18.h3 h5
19.gxh5 Bg6xh5
20.Nh4g2 Rf8a8
21.Ng2h4 Qa5a1
22.Qd1xa1 Ra8xa1
23.Kf2 Ra1xg1
24.Nf3xg1 Bh5g6
25.Nh4xg6 fxg6
26.c4 bxc4
27.dxc4 d4
28.exd4 cxd4
29.Kf3 e5
30.fxe5 fxe5
31.Ke4 Kg7
32.Ng1f3 Kf6
33.Nf3d2 Ne7c6
34.Kd5 Bd6b4
35.Nd2e4 Kf5
36.Be2g4 Kf4
37.Ne4f2 Nc6e7
38.Ke6 e4
39.Bg4e2 Ke3
40.Nf2xe4 Kxe2
41.c5 Ne7c6
42.Kd5 Ke3
43.Ne4g3 d3
44.Kxc6 Bb4e1
45.Ng3f1 Ke2
46.Kb7 Kxf1
47.c6 d2
48.c7 d1Q
49.c8Q Qd1xb3
50.Ka7 Qb3a4
51.Kb6 Be1f2
52.Kb7 Qa4a7
53.Kc6 Qa7c5
54.Kd7 Qc5xc8
55.Kxc8 g5
56.Kd7 Kg2
57.Ke6 Kxh3
58.Kf5 g4
{ resign }
0-1

[Event "Match"]
[Site "www.echecsemail.com"]
[Date "2018.08.04"]
[Round "1"]
[White "J1j6"]
[Black "Chapi"]
[WhiteElo "1870"]
[BlackElo "2100"]
[Result "0-1"]
[Round "1"]
1.d4 d5
2.c4 c6
3.cxd5 cxd5
4.Nb1c3 g6
5.g3 Bf8g7
6.Bf1g2 Ng8f6
7.e3 O-O
8.Qd1b3 e6
9.Ng1e2 b6
10.Ne2f4 Bc8a6
11.Bc1d2 Nb8c6
12.O-O-O Nc6a5
13.Qb3c2 Ra8c8
14.f3 Nf6e8
15.h4 Ne8c7
16.g4 Na5c4
17.g5 e5
18.Nf4e2 Nc7b5
19.dxe5 Bg7xe5
20.f4 Be5g7
21.Bg2xd5 Nb5xc3
22.Ne2xc3 Bg7xc3
23.Bd5xc4 Bc3xd2
24.Rd1xd2 Rc8xc4
25.Rd2xd8 Rc4xc2
26.Kxc2 Rf8xd8
27.Rh1d1 Rd8xd1
28.Kxd1 Kf8
29.Kd2 Ke7
30.Kc3 Ke6
31.Kd4 Kf5
32.Kd5 Kg4
33.Ke5 Ba6c4
34.b3 Bc4e6
35.e4 b5
36.b4 Be6xa2
37.f5 Kxh4
38.Kf4 Kh5
39.f6 h6
40.gxh6 Kxh6
41.e5 Kh5
42.Ke4 Kh4
{ resign }
0-1

[Event "Tourn. n9906"]
[Site "www.echecsemail.com"]
[Date "2018.08.04"]
[Round "1"]
[White "Rons"]
[Black "Iituchess"]
[WhiteElo "2630"]
[BlackElo "2559"]
[Result "1/2-1/2"]
[Round "1"]
1.e4 e5
2.Ng1f3 Nb8c6
3.Bf1b5 Ng8f6
4.d3 Bf8c5
5.Bb5xc6 dxc6
6.O-O Nf6d7
7.h3 O-O
8.Nb1d2 a5
9.Nd2c4 Rf8e8
10.Bc1d2 a4
11.b4 Bc5a7
12.a3 b5
13.Nc4a5 Nd7b8
14.Qd1b1 Qd8f6
15.Kh2 Ba7b6
16.c4 Bb6xa5
17.bxa5 bxc4
18.dxc4 Qf6e7
19.Qb1c2 f6
20.Ra1b1 c5
21.Qc2xa4 Bc8d7
22.Qa4c2 Nb8c6
23.Rf1d1 h6
24.Kg1 Ra8a6
{ draw }
1/2-1/2

[Event "Match"]
[Site "www.echecsemail.com"]
[Date "2018.08.04"]
[Round "1"]
[White "J1j6"]
[Black "Darknight"]
[WhiteElo "1940"]
[BlackElo "1910"]
[Result "0-1"]
[Round "1"]
1.d4 d5
2.Nb1c3 e6
3.Bc1f4 a6
4.Ng1f3 h6
5.e4 dxe4
6.Nc3xe4 Ng8e7
7.c4 Ne7g6
8.Bf4e3 Bc8d7
9.b3 Bf8b4
10.Be3d2 a5
11.Bd2xb4 axb4
12.Ne4c5 Bd7c6
13.Qd1e2 Bc6xf3
14.Qe2xf3 c6
15.Nc5xb7 Qd8xd4
16.Ra1d1 Qd4e5
17.Bf1e2 O-O
18.Nb7d8 Ra8xa2
19.Qf3d3 Ng6f4
20.Qd3f3 Nf4xe2
21.Kf1 Ne2c3
22.g3 Nc3xd1
{ resign }
0-1

[Event "Match"]
[Site "www.echecsemail.com"]
[Date "2018.08.04"]
[Round "1"]
[White "Pinehill"]
[Black "Chapi"]
[WhiteElo "2060"]
[BlackElo "2070"]
[Result "0-1"]
[Round "1"]
1.e4 c5
2.b4 b6
3.b5 a6
4.c4 d6
5.a4 Ng8f6
6.Nb1c3 g6
7.Bc1b2 Bf8g7
8.Qd1c2 Bc8b7
9.f3 O-O
10.Ng1e2 Nb8d7
11.d4 Qd8c7
12.g3 cxd4
13.Ne2xd4 Nd7e5
14.Bf1e2 Ne5xc4
15.Kf2 Nf6g4
16.fxg4 Bg7xd4
17.Ke1 Nc4xb2
18.Kd2 Rf8c8
19.Ra1c1 Nb2xa4
20.Qc2xa4 Bd4xc3
21.Kd1 axb5
22.Qa4xb5 Ra8a2
23.Qb5b3 Ra2d2
{ resign }
0-1

[Event "Tourn. n9893"]
[Site "www.echecsemail.com"]
[Date "2018.08.04"]
[Round "1"]
[White "Cal"]
[Black "Traub"]
[WhiteElo "1700"]
[BlackElo "1520"]
[Result "1-0"]
[Round "1"]
1.c4 e5
2.a3 Ng8f6
3.Nb1c3 d5
4.cxd5 Nf6xd5
5.h3 Nd5b6
6.e4 Nb8c6
7.Ng1f3 f5
8.Bf1b5 Qd8f6
9.Bb5xc6  { time }
1-0

[Event "Match"]
[Site "www.echecsemail.com"]
[Date "2018.08.04"]
[Round "1"]
[White "Apdash"]
[Black "Whitekknight"]
[WhiteElo "1950"]
[BlackElo "1870"]
[Result "1-0"]
[Round "1"]
1.e4 e5
2.Ng1f3 Nb8c6
3.Bf1b5 a6
4.Bb5xc6 bxc6
5.O-O d6
6.d4 exd4
7.Nf3xd4 Ng8f6
8.Nd4xc6 Qd8d7
9.e5 Qd7xc6
10.exf6 gxf6
11.Rf1e1 Bc8e6
12.Bc1f4 Bf8e7
13.Qd1h5 Qc6xc2
14.Nb1d2 Qc2g6
15.Qh5f3 Ra8b8
16.Qf3c6 Kd8
17.Ra1c1 Rb8c8
18.Qc6xa6 Be6d5
19.f3 Rc8a8
20.Qa6b5 Rh8g8
21.Bf4g3 Ra8c8
22.Qb5xd5 f5
23.f4 Qg6f6
24.Nd2c4 Rg8e8
25.Qd5c6 Qf6d4
26.Bg3f2 Qd4g7
27.Nc4xd6 { resign }
1-0

[Event "Match"]
[Site "www.echecsemail.com"]
[Date "2018.08.04"]
[Round "1"]
[White "Ff333"]
[Black "Dougbeer"]
[WhiteElo "2180"]
[BlackElo "1979"]
[Result "0-1"]
[Round "1"]
1.e4 e6
2.d4 d5
3.e5 c5
4.c3 Nb8c6
5.Bc1e3 Ng8h6
6.Be3xh6 gxh6
7.Bf1b5 Qd8b6
8.Qd1a4 Bc8d7
9.Ng1f3 cxd4
10.cxd4 Nc6xe5
11.Bb5xd7 Ne5xd7
12.Nf3e5 Qb6b4
13.Nb1c3 Qb4xa4
14.Nc3xa4 Nd7xe5
15.dxe5 Ra8c8
16.O-O Kd7
17.Ra1c1 Bf8e7
18.a3 h5
19.Rc1c3 b5
20.Rc3xc8 Rh8xc8
21.Na4c3 Be7xa3
22.Nc3xb5 Ba3xb2
23.f4 Rc8c1
24.Rf1xc1 Bb2xc1
25.g3 a5
26.Nb5c3 Bc1b2
27.Nc3a4 Bb2d4
28.Kf1 Kc6
29.Ke2 Kb5
30.Kd3 Bd4xe5
31.fxe5 Kxa4
32.Kc3 Kb5
33.h3 a4
34.g4 hxg4
35.hxg4 Kc5
36.g5 d4
37.Kd3 a3
{ resign }
0-1

[Event "Fast Game"]
[Site "www.echecsemail.com"]
[Date "2018.08.04"]
[Round "1"]
[White "Alekpax"]
[Black "Apdash"]
[WhiteElo "2259"]
[BlackElo "1950"]
[Result "1-0"]
[Round "1"]
1.e4 c5
2.Ng1f3 d6
3.d4 cxd4
4.Nf3xd4 Nb8c6
5.Nb1c3 Bc8d7
6.Bc1e3 Nc6xd4
7.Qd1xd4 e5
8.Qd4d5 Bd7c6
9.Qd5b3 Qd8a5
10.O-O-O Ng8f6
11.Bf1c4 Qa5c7
12.f4 Nf6g4
13.Nc3b5 Qc7d7
14.Be3c5 a6
15.Nb5xd6 Bf8xd6
16.Rd1xd6 Qd7c7
17.Bc4xf7 { resign }
1-0

[Event "Tourn. n9764"]
[Site "www.chess-mail.com"]
[Date "2018.08.05"]
[Round "1"]
[White "Szustan"]
[Black "Seger"]
[WhiteElo "2670"]
[BlackElo "2790"]
[Result "0-1"]
[Round "1"]
1.e4 e5
2.Ng1f3 Nb8c6
3.Nb1c3 Ng8f6
4.d4 exd4
5.Nc3d5 Nc6b4
6.Bf1c4 Nb4xd5
7.exd5 Bf8b4
8.Bc1d2 Qd8e7
9.Qd1e2 Bb4xd2
10.Kxd2 Qe7xe2
11.Kxe2 O-O
12.Rh1e1 b5
13.Bc4xb5 Bc8b7
14.d6 cxd6
15.Nf3xd4 Bb7xg2
16.f3 Rf8b8
17.b3 a5
18.Bb5d3 g6
19.a4 Bg2h3
20.Kd2 Bh3e6
21.Re1g1 Nf6h5
22.Bd3e4 d5
23.Be4d3 Be6h3
24.Ra1d1 Nh5f4
25.Bd3b5 Ra8a7
26.Ke3 Nf4e6
27.Nd4e2 Bh3f5
28.Rd1d2 Kf8
29.Rg1c1 Ra7c7
30.Kf2 Kg7
31.c3 Ne6c5
32.Ne2d4 Bf5h3
33.Rd2c2 Rb8a8
34.Kg3 Bh3e6
35.Kf2 Nc5b7
36.Bb5d3 Kf6
37.h4 Nb7d8
38.h5 Rc7c5
39.Ke3 Nd8c6
40.Rc2h2 Nc6e5
41.hxg6 hxg6
42.Rh2h1 Rc5c8
43.Rh1h4 Ne5c6
44.Rc1h1 Ra8b8
45.Bd3b5 Ke5
46.Kd2 Nc6xd4
47.Rh4xd4 Kd6
48.b4 Rb8a8
49.Rh1g1 Rc8h8
50.Rg1d1 Rh8h2
51.Ke3 Rh2c2
52.c4 axb4
53.cxd5 Rc2c3
54.Kf2 Be6f5
55.Rd4xb4 Ra8h8
56.Kg2 Rc3c2
57.Kg1 Rh8h3
58.Bb5d3 Rh3g3
59.Kh1 Rc2c8
{ resign }
0-1

[Event "Tourn. n9787"]
[Site "www.chess-mail.com"]
[Date "2018.08.05"]
[Round "1"]
[White "Osopanda"]
[Black "Iko"]
[WhiteElo "1870"]
[BlackElo "1750"]
[Result "1-0"]
[Round "1"]
1.e4 e5
2.Ng1f3 Nb8c6
3.Bf1b5 Ng8e7
4.O-O a6
5.Bb5a4 b5
6.Ba4b3 a5
7.a4 Bc8a6
8.axb5 Ba6xb5
9.Rf1e1 a4
10.Bb3a2 Ne7g6
11.d4 Bf8d6
12.c4 Bb5a6
13.c5 Bd6e7
14.d5 Nc6b4
15.Nb1c3 Nb4xa2
16.Ra1xa2 Be7xc5
17.Bc1e3 Bc5b4
18.Ra2xa4 Bb4xc3
19.bxc3 Ba6e2
20.Ra4xa8 Be2xd1
21.Ra8xd8 Kxd8
22.h4 Bd1xf3
23.gxf3 Ng6f4
24.Be3xf4 exf4
25.Kg2 Rh8e8
26.Kh3 Re8e5
27.c4 c5
28.Kg4 h5
29.Kh3 d6
30.Re1g1 g6
31.Rg1a1 Re5e7
32.Ra1a8 Kd7
33.Ra8a6 Kc7
34.Kg2 Kd8
35.Kf1 Re7b7
36.Ra6xd6 Ke7
37.e5 Rb7b4
38.Rd6c6 Rb4xc4
39.d6 Kd7
40.Rc6c7 Ke6
41.Rc7e7 Kd5
42.d7 Rc4c1
43.Ke2 Rc1c2
44.Kd3 Rc2xf2
45.d8Q Kc6
46.Re7c7 Kb5
47.Qd8b8 Ka6
48.Rc7a7 
1-0

[Event "Tourn. n9795"]
[Site "www.chess-mail.com"]
[Date "2018.08.05"]
[Round "1"]
[White "Conde7"]
[Black "Pdebonis"]
[WhiteElo "2820"]
[BlackElo "2690"]
[Result "1/2-1/2"]
[Round "1"]
1.a3 d5
2.d4 c5
3.dxc5 Ng8f6
4.b4 a5
5.c3 b6
6.cxb6 e5
7.b5 Nb8d7
8.Ng1f3 Bf8d6
9.e3 Nd7xb6
10.Bf1e2 Bc8e6
11.a4 Nf6e4
12.Bc1a3 Bd6xa3
13.Ra1xa3 Qd8d6
14.Nf3d2 Ne4c5
15.Nd2f3 Nc5e4
16.Nf3d2 Ne4c5
17.Nd2c4 Nb6xc4
18.Be2xc4 O-O
19.O-O f5
20.Rf1e1 Ra8d8
21.Bc4f1 f4
22.c4 dxc4
23.Qd1xd6 Rd8xd6
24.Nb1c3 Rf8c8
25.exf4 exf4
26.h4 Kf7
27.Ra3a2 h6
28.f3 Nc5d3
29.Re1d1 Rc8d8
30.Nc3e4 Rd6d4
31.Ra2d2 Be6f5
32.Ne4c5 Rd4d5
33.Nc5b7 Rd8d7
34.Nb7xa5 c3
35.Rd2c2 Nd3b4
36.Rd1xd5 Nb4xd5
37.Rc2c1 c2
38.Bf1c4 Kf6
39.Kh2 Rd7d6
40.Na5b7 Rd6d7
41.Nb7c5 Rd7c7
42.Bc4xd5 Rc7xc5
43.Bd5c6 Bf5d3
44.g3 Ke5
45.a5 Bd3xb5
46.Bc6xb5 { draw }
1/2-1/2

[Event "Tourn. n9908"]
[Site "www.echecsemail.com"]
[Date "2018.08.05"]
[Round "1"]
[White "Apdash"]
[Black "Fantomas"]
[WhiteElo "2070"]
[BlackElo "2110"]
[Result "1/2-1/2"]
[Round "1"]
1.e4 e5
2.Ng1f3 Ng8f6
3.Nb1c3 d6
4.d4 exd4
5.Nf3xd4 Nb8d7
6.Bf1c4 Nd7c5
7.Bc1g5 c6
8.O-O Bf8e7
9.Qd1e2 O-O
10.Ra1d1 Nf6e8
11.Bg5xe7 Qd8xe7
12.f4 Nc5e6
13.Nd4f5 Qe7c7
14.Kh1 b5
15.Bc4xe6 fxe6
16.Nf5g3 b4
17.Nc3a4 a5
18.c4 bxc3
19.Na4xc3 Bc8a6
20.Qe2g4 Ba6xf1
21.Qg4xe6 Qc7f7
22.Qe6xf7 Rf8xf7
23.Rd1xf1 Ra8b8
24.b3 g6
25.Kg1 Rb8b4
26.Rf1d1 Rf7xf4
27.h3 Rf4f7
28.Rd1d2 c5
29.Nc3d5 Rb4d4
30.Rd2e2 Ne8f6
31.Nd5xf6 Rf7xf6
32.e5 Rf6e6
33.exd6 Re6xe2
34.Ng3xe2 Rd4xd6
35.Ne2f4 g5
36.Nf4h5 Kf7
37.Nh5g3 Rd6d4
38.Kf1 Ke6
39.Ke2 Ke5
40.Ke3 a4
41.Ng3e2 axb3
42.axb3 Rd4b4
43.Ne2c1 h5
44.Nc1d3 Kd5
45.Nd3xb4 cxb4
46.g3 h4
{ draw }
1/2-1/2

[Event "Tourn. n9865"]
[Site "www.echecsemail.com"]
[Date "2018.08.05"]
[Round "1"]
[White "Bojan"]
[Black "Orhany24"]
[WhiteElo "2100"]
[BlackElo "2120"]
[Result "1-0"]
[Round "1"]
1.e4 e5
2.Ng1f3 Nb8c6
3.Bf1b5 a6
4.Bb5xc6 dxc6
5.h3 Bf8d6
6.d4 exd4
7.Nf3xd4 Ng8e7
8.Qd1f3 O-O
9.O-O c5
10.Nd4f5 Ne7xf5
11.exf5 Qd8f6
12.g4 Qf6h4
13.Nb1d2 Ra8b8
14.Nd2c4 Bc8d7
15.Qf3g2 Bd7c6
16.f3 Bd6g3
17.Bc1e3 h5
18.Nc4d2 hxg4
19.hxg4 g6
20.Nd2e4 Bc6xe4
21.fxe4 b6
22.Rf1f3 Bg3e5
23.Rf3h3 Qh4f6
24.c3 Rb8d8
25.Ra1f1 Qf6d6
26.Qg2h1  { time }
1-0

[Event "Match"]
[Site "www.echecsemail.com"]
[Date "2018.08.05"]
[Round "1"]
[White "Pwain"]
[Black "Apdash"]
[WhiteElo "2560"]
[BlackElo "1810"]
[Result "1-0"]
[Round "1"]
1.e4 e5
2.Ng1f3 Nb8c6
3.Bf1c4 Bf8c5
4.c3 Ng8f6
5.d3 d5
6.exd5 Nf6xd5
7.Qd1b3 Nc6e7
8.Qb3b5 c6
9.Qb5xc5 b6
10.Qc5a3 f6
11.Bc1e3 Bc8g4
12.Nb1d2 O-O
13.O-O Kh8
14.d4 exd4
15.cxd4 Ne7f5
16.Bc4xd5 cxd5
17.h3 Bg4xf3
18.Nd2xf3 Rf8e8
19.Rf1e1 Qd8d7
20.Qa3d3 Re8e7
21.Be3d2 Ra8e8
22.Re1xe7 Re8xe7
23.Ra1e1 Re7xe1
24.Bd2xe1 g6
25.Be1b4 Qd7a4
26.Qd3c3 Qa4d7
27.a4 h5
28.a5 Kh7
29.axb6 axb6
30.Bb4f8 Kg8
31.Bf8a3 Kh7
32.b3 Qd7a7
33.Qc3b4 g5
34.Qb4f8 Kg6
35.Qf8g8 Nf5g7
36.Ba3f8 g4
37.Nf3h4 Kg5
38.Bf8xg7 { resign }
1-0

[Event "Tourn. n9800"]
[Site "www.echecsemail.com"]
[Date "2018.08.05"]
[Round "1"]
[White "Pdebonis"]
[Black "Muchomurka"]
[WhiteElo "2690"]
[BlackElo "2400"]
[Result "1-0"]
[Round "1"]
1.e4 e5
2.Ng1f3 Ng8f6
3.Nf3xe5 d6
4.Ne5f3 Nf6xe4
5.d4 d5
6.Bf1d3 Nb8c6
7.O-O Bf8e7
8.c4 Nc6b4
9.cxd5 Nb4xd3
10.Qd1xd3 Qd8xd5
11.Rf1e1 Bc8f5
12.g4 Bf5g6
13.Nb1c3 Ne4xc3
14.Qd3xc3 f6
15.Nf3h4 c6
16.Qc3a3 Qd5d7
17.Bc1d2 Qd7xg4
18.Nh4g2 Bg6e4
19.f3 O-O-O
20.fxg4 Be7xa3
21.bxa3 Be4xg2
22.Kxg2 Rd8xd4
23.Bd2b4 Rd4xg4
24.Kf3 Rg4d4
25.Re1e7 Rd4d7
26.Re7xd7 Kxd7
27.Ra1g1 g6
28.Rg1d1 Kc7
29.Bb4d6 Kc8
30.Rd1e1 Rh8d8
31.Re1e6 f5
32.Kf4 Kd7
33.Ke5 Rd8e8
34.Re6xe8 Kxe8
35.a4 Kd7
36.a5 b6
37.Bd6b8 bxa5
38.Bb8xa7 a4
39.Ba7e3 Ke7
40.h4 Kf7
41.Kd6 Kg7
42.Kxc6 Kf6
43.Kd5 Kf7
44.Ke5 Ke7
45.Be3f4 Kf7
46.Bf4g5 Kg7
47.Ke6 h6
48.Bg5e3 f4
49.Be3d4 Kg8
50.Kf6 Kh7
51.Bd4e5 f3
52.Be5d4 { resign }
1-0

[Event "Tourn. n9903"]
[Site "www.echecsemail.com"]
[Date "2018.08.05"]
[Round "1"]
[White "Apdash"]
[Black "Bojan"]
[WhiteElo "2000"]
[BlackElo "2000"]
[Result "1-0"]
[Round "1"]
1.e4 e5
2.Ng1f3 d6
3.d4 Bc8g4
4.dxe5 dxe5
5.Qd1xd8 Kxd8
6.Nf3xe5 Bg4e6
7.Bc1f4 Bf8d6
8.Ne5d3 Bd6xf4
9.Nd3xf4 Be6d7
10.Nb1c3 Nb8c6
11.Bf1c4 Ng8h6
12.O-O-O Nc6e5
13.Bc4b3 Nh6g4
14.Rd1d2 c6
15.h3 Ng4f6
16.Rh1d1 Kc7
17.g4 g5
18.Nf4d3 Ne5f3
19.Rd2e2 Nf3d4
20.Re2e3 Nd4xb3
21.axb3 Ra8e8
22.e5 Nf6d5
23.Nc3xd5 cxd5
24.Nd3b4 Bd7e6
25.Nb4xd5 Kb8
26.c4 h5
27.Nd5f6 Re8c8
28.Nf6xh5 Rc8c5
29.f4 Rh8g8
30.f5 Be6c8
31.Nh5f6 Rg8h8
32.Nf6d7 Bc8xd7
33.Rd1xd7 Rh8f8
34.Kc2 b5
35.Rd7d5 Rc5xd5
36.cxd5 Kc8
37.Kd3 Kd7
38.Kd4 Rf8c8
39.Re3c3 Rc8b8
40.Rc3c6 a5
41.e6 fxe6
42.fxe6 Ke7
43.Ke5 { resign }
1-0

[Event "Match"]
[Site "www.echecsemail.com"]
[Date "2018.08.05"]
[Round "1"]
[White "Guidom"]
[Black "Apdash"]
[WhiteElo "2160"]
[BlackElo "1810"]
[Result "1-0"]
[Round "1"]
1.e4 c5
2.Ng1f3 e6
3.c4 Ng8f6
4.d3 d5
5.e5 Nf6d7
6.cxd5 exd5
7.Bf1e2 Nb8c6
8.Bc1f4 h6
9.O-O Bf8e7
10.Nb1c3 d4
11.Nc3e4 Nd7b6
12.Ra1c1 Nb6d7
13.Qd1b3 O-O
14.e6 Nc6a5
15.exf7 Rf8xf7
16.Qb3d5 Qd8f8
17.Bf4c7 Na5c6
18.Ne4xc5 Nd7xc5
19.Nf3xd4 Nc6xd4
20.Qd5xd4 Nc5e6
21.Qd4d5 Kh8
22.Bc7g3 Be7g5
23.Rc1c2 Rf7f5
24.Qd5e4 Ne6c5
25.Qe4c4 Bc8e6
26.Qc4b4 Be6xa2
27.d4 Nc5e4
28.Qb4xb7 Ne4xg3
29.hxg3 Ba2d5
30.Qb7a6 Ra8e8
31.Be2g4 Rf5f7
32.Bg4h5 Rf7f6
33.Qa6xa7 Re8d8
34.f4 Rd8a8
35.Qa7c7 Bd5e4
36.Rc2c1 g6
37.fxg5 hxg5
38.Bh5g4 Qf8d6
39.Rf1xf6 Qd6xf6
40.Qc7e5 Qf6xe5
41.dxe5 Ra8a2
42.Rc1e1 Be4c6
43.Re1e2 Ra2a4
44.Bg4f3 Ra4a1
45.Kh2 Bc6b5
46.Re2e3 Kg7
47.Bf3d5 Ra1d1
48.Bd5f3 Rd1d2
49.b3 Rd2d4
50.e6 Kf6
51.e7 Kf7
52.Bf3e2 Bb5e8
53.Be2c4 Kf6
54.Kg1 Rd4d6
55.Kf2 Rd6d2
56.Kf1 Rd2d6
57.Ke2 Rd6b6
58.Kd3 Rb6b7
59.Re3e6 Kf5
60.Re6e4 Kf6
61.g4 Rb7xe7
62.Re4xe7 Kxe7
63.Kd4 Kd6
64.b4 Be8d7
65.Bc4f7 Bd7xg4
66.Bf7xg6 Bg4d7
67.g3 Bd7c6
68.Bg6e4 Bc6b5
69.Be4b7 Bb5f1
70.Bb7c8 Bf1g2
71.b5 Bg2a8
72.b6 Kc6
73.b7 Ba8xb7
74.Bc8xb7 Kxb7
75.Ke5 Kc7
76.Kf5 Kd7
77.Kxg5 Ke7
78.Kg6 Kf8
79.g4 Kg8
80.g5 Kh8
81.Kf7 Kh7
82.g6 Kh8
83.g7 Kh7
84.g8Q Kh6
85.Qg8g6 { resign }
1-0

[Event "Match"]
[Site "www.echecsemail.com"]
[Date "2018.08.05"]
[Round "1"]
[White "Ranjachess"]
[Black "Rindrandria"]
[WhiteElo "1840"]
[BlackElo "1770"]
[Result "0-1"]
[Round "1"]
1.d4 h5
2.e4 e6
3.Ng1f3 g5
4.Bc1xg5 f6
5.Bg5h4 Bf8e7
6.Bf1c4 f5
7.Bh4xe7 Qd8xe7
8.e5 Qe7b4
9.Nb1d2 b5
10.Bc4b3 Bc8b7
11.c3 Qb4e7
12.O-O Ng8h6
13.a4 a5
14.axb5 c6
15.Bb3c4 d5
16.exd6 Qe7xd6
17.Bc4xe6 cxb5
18.Nf3g5 Qd6f4
19.Qd1xh5 Kd8
20.Ng5f7 Nh6xf7
21.Qh5xh8 Nf7xh8
22.d5 Qf4xd2
23.Ra1b1 Ke7
24.Be6xf5 Qd2xd5
25.Rf1e1 Kf8
26.Bf5e4 Qd5d7
27.Rb1d1 Qd7g7
28.Rd1d8 Ke7
29.Be4xb7 Kxd8
30.Bb7xa8 Nh8g6
31.g3 Ng6e5
32.f4 Ne5f3
33.Ba8xf3 Qg7a7
34.Kg2 Nb8a6
35.Re1e5 Na6c5
36.b4 axb4
37.cxb4 Qa7a2
38.Kh3 Nc5d3
39.Re5d5 Kc7
40.Rd5xd3 Qa2c4
41.Rd3e3 Qc4xb4
42.f5 Qb4c5
43.Re3b3 Qc5xf5
44.g4 Qf5d7
45.Rb3a3 Qd7e6
46.Ra3a7 Kd8
47.Ra7b7 Qe6b3
48.Kg3 Qb3c4
49.h4 b4
50.g5 Qc4c3
51.h5 b3
52.Kf4 Qc3d4
53.Bf3e4 Qd4d6
54.Ke3 Qd6g3
55.Kd4 b2
56.g6 Qg3h4
57.Rb7xb2 Qh4f6
58.Kc5 Qf6xb2
59.h6 Qb2e5
60.Be4d5 Qe5e3
61.Kd6 Qe3g3
62.Kc5 Qg3xg6
63.Kd4 Qg6xh6
64.Kc4 Kd7
65.Kb5 Qh6g5
66.Kc5 Qg5e7
67.Kc4 Kd6
68.Kd4 Qe7e5
69.Kc4 Qe5xd5
70.Kc3 Kc5
71.Kb2 Qd5c4
72.Kb1 Kb4
73.Kb2 Qc4e2
74.Kc1 Kc3
75.Kb1 Qe2b2

0-1

[Event "Match"]
[Site "www.echecsemail.com"]
[Date "2018.08.05"]
[Round "1"]
[White "Lcbunghai"]
[Black "Liencam2"]
[WhiteElo "2140"]
[BlackElo "2360"]
[Result "0-1"]
[Round "1"]
1.e4 c5
2.Ng1f3 e6
3.d4 cxd4
4.Nf3xd4 Ng8f6
5.Nb1c3 d6
6.Bf1e2 a6
7.O-O Qd8c7
8.Kh1 b5
9.Be2f3 Bc8b7
10.a3 Nb8d7
11.Rf1e1 Bf8e7
12.Nd4b3 O-O
13.Bc1g5 h6
14.Bg5h4 Nd7e5
15.Bh4g3 Ne5c4
16.Qd1c1 Rf8d8
17.Nb3d2 Ra8c8
18.Nd2xc4 Qc7xc4
19.Bf3e2 Qc4c6
20.Be2f3 Qc6b6
21.Qc1e3 Qb6xe3
22.Re1xe3 Rc8c5
23.e5 Nf6d5
24.Bf3xd5 exd5
25.Re3d3 dxe5
26.Bg3xe5 Rc5c4
27.b3 Rc4g4
28.Rd3g3 Rg4xg3
29.hxg3 Be7c5
30.Nc3d1 Rd8e8
31.Be5c3 Re8e2
32.f3 Re2xc2
{ resign }
0-1